000 01055nam a2200301Ia 4500
001 Para_9479
003 CHAP
008 220125s2008 xx 000 0 und d
010 _a208153
040 _cCHAP
090 _aTESIS 2191
100 _aVictoria Solano, Gabriela
_9119085
245 _aEvaluación de tres materiales de maíz criollo atacados por Punctodera Chalcoensis en Amecameca, Estado de México /
_c por Gabriela Victoria Solano
260 _aChapingo, Méx. :
_b el autor
300 _a39 h.
502 _aTesis (Ing. Agr. Esp. en Parasitología Agrícola) -- UACh. Departamento Parasitología Agrícola
650 _aMaíz
_x variedades resistentes a plagas
_971083
650 _aNemátodos parásitos de plantas
_980835
650 _aPunctodera chalcoensis
_993023
710 _aUACh. Departamento Parasitología Agrícola
_9164025
901 _aTESIS 2191
902 _aM
905 _a0000002008 am 0000000000 00
910 _a2008
942 _cPARA
942 _cPARA
_d2
999 _c208153
_d208153